000 00472nam a2200181Ia 4500
001 21101
005 20260306172854.0
008 260306t2019||||xx |||||||||||||| ||spa||
041 _aESP
082 _a344
_bP84
100 _aPrado Saldarriaga, Víctor Roberto
_eAUT
245 0 _aDerecho penal y política criminal:
_bproblemas contemporáneos
260 _c2019
300 _a526 páginas :
_c25 cm.
650 _aGEN
654 _aCDE
942 _cLIB
_dJUS
_fJUS
_2ddc
_n
999 _c21101
_d21101